Normal view
MARC view
Entry Topical Term
001 - CONTROL NUMBER
- control field: 235317
003 - CONTROL NUMBER IDENTIFIER
- control field: OSt
005 - DATE AND TIME OF LATEST TRANSACTION
- control field: 20250813114351.0
008 - FIXED-LENGTH DATA ELEMENTS
- fixed length control field: 250813|| aca||aabn | a|a d
040 ## - CATALOGING SOURCE
- Original cataloging agency: OSt
- Transcribing agency: OSt
150 ## - HEADING--TOPICAL TERM
- Topical term or geographic name entry element: Tulu Fiction
670 ## - SOURCE DATA FOUND
- Source citation: Work cat.: (OSt)214936: TIMMAPPA PUJARI (Ja) ತಿಮ್ಮಪ್ಪ ಪೂಜಾರಿ (ಜಾ) 235316, Gadeled adengdi kateklu: Katekle jonkuli , 1998